000 01340nam a2200301Ia 4500
001 24765
003 IT-RoPAU
008 130308s9999 xx 000 0 und d
040 _aIT-RoPAU
040 _cIT-RoPAU
041 _aITALIANO
100 _aApel Karl Otto
100 _gCodice Aut. SPICS: 11887
245 _aComunità e comunicazione
245 _bComunita' e Comunicazione
250 _a1a ed.
260 _aTORINO
260 _bRosenberg & Sellier
260 _c1977 [1° Ed.:1977 - Ed.Ling.Originale:1973]
300 _a"304 p. (prefazione: 32; testo: 272)"
500 _aWittgenstein e Heidegger Senso dell'Essere Sviluppo della Filosofia Analitica del Linguaggio Scienze Dello Spirito Scientistica Ermeneutica e Critica dell'ideologia Scientismo o Ermeneutica Trascendentale Soggetto dell'interpretazione dei Segni nella Semiotica del pragmatismo Comunità della Comunicazione Come Presupposto Trascendentale delle Scienze Sociali Apriori della Comunità della Comunicazione Fondamenti dell'Etica fondazione Razionale dell'Etica nell'epoca della Scienza Introduzione Alla Edizione Italiana di Gianni Vattimo Saggi Tratti Dall'Opera Transformation Der Philosophie
650 _aFILOSOFIA LINGUISTICA
650 _eCodice materia Spics: 3101
942 _cBK
957 _71
999 _c65400
_d65400
999 _bSI
999 _g1